| 000 | 00478nam a22001457a 4500 | ||
|---|---|---|---|
| 082 | _a004 | ||
| 100 | _aAmjad, Naeem | ||
| 245 |
_aBuilding A Framework based on an Open Source Malware Forensic Technique / _cNaeem Amjad |
||
| 260 |
_aIslamabad : _bMCS - NUST, _c2017. |
||
| 300 |
_a33 p. ; _c30cm. |
||
| 650 |
_aInformation Security-MS-Thesis _916348 |
||
| 700 |
_aDr. Muhammad Faisal Amjad _934940 |
||
| 942 |
_2ddc _cTHE |
||
| 999 |
_c540767 _d540767 |
||